Fundamentals of Digital Image Processing (Record no. 4728)

MARC details
000 -LEADER
fixed length control field 00389nam a2200145Ia 4500
008 - FIXED-LENGTH DATA ELEMENTS--GENERAL INFORMATION
fixed length control field 221030s9999 xx 000 0 und d
020 ## - INTERNATIONAL STANDARD BOOK NUMBER
ISBN 8129700832
082 ## - DEWEY DECIMAL CLASSIFICATION NUMBER
Classification number 105.23
Item number Jai
100 ## - MAIN ENTRY--AUTHOR NAME
Personal name A. K. Jain
245 #0 - TITLE STATEMENT
Title Fundamentals of Digital Image Processing
Statement of responsibility, etc by A. K. Jain
260 ## - PUBLICATION, DISTRIBUTION, ETC. (IMPRINT)
Name of publisher Pearson Educaiton
Place of publication New Delhi
Year of publication 2005
300 ## - PHYSICAL DESCRIPTION
Number of Pages 586
650 ## - SUBJECT ADDED ENTRY--TOPICAL TERM
Topical Term CSE Departmental
942 ## - ADDED ENTRY ELEMENTS (KOHA)
Koha item type Books
Source of classification or shelving scheme Dewey Decimal Classification
Holdings
Accession Number Cost, normal purchase price Full call number Price effective from Koha item type Withdrawn / writtenoff status Materials specified (bound volume or other part) Damaged status Not for loan Permanent Location Current Location Shelving location Date acquired Lost/ Missing status department
BE 7754 586.00 105.23 Jai 10/30/2022 Books   Print     MIET Library, Jammu MIET Library, Jammu BL-Departmental, FL-1, CUP-50, SH-5, R-5 09/21/2005   BE